000 00585nam a2200205Ia 4500
003 LDD
008 181029s9999 xx 000 0 und d
020 _a761970568
_cP 19.99
040 _cLDD
100 _aMarrison, Ken
245 0 _aMark, Durkheim & Weber
_bformations of modern social thought
_cKen Marrison
250 _a2nd ed.
260 _aNew Delhi
_bSage
_c2006
300 _axiii, 465p
365 _bP 19.99
901 _a3692
_b16-01-2007
902 _a11527
_b06-02-2007
_cF
_dGBH
_e31
903 _aDiscount-10
_bReqst by : Debal K. Singharoy
942 _2ddc
_cBK
999 _c77610
_d77610